025_ Personnalités nées un 25 janvier par images - Statistiques

Statistiques générales
  • Ce quiz a été pris 30 fois
  • Le résultat moyen est 3 sur 9
Statistiques - réponses
Par images Hint Réponse % Correct
Dirigeant Politique Volodymyr Zelensky
93%
Mannequine Iris Mittenaere
83%
Politicien Jean-Marc Ayrault
38%
Cycliste Remco Evenepoel
38%
Footballeur Robinho
34%
Reine Anne de Bretagne
21%
Écrivaine Virginia Woolf
14%
Réalisateur Tobe Hooper
3%
Actrice Ana Ortiz
0%
Aucun quiz correspondant
Distribution des résultats
% des personnes avec chaque résultat
Percentile par nombre de réponses
Votre historique - résultats
Vous n’avez pas pris ce quiz